| 000 | 00000nas 2200000za 4500 |
|---|---|
| 001 | 9.504971 |
| 003 | CaOODSP |
| 005 | 20220825092123 |
| 007 | cr ||||||||||| |
| 008 | 150406c2005||||xxc|| m o||||f| |0eng|d |
| 040 | |aCaOODSP|beng |
| 043 | |an-cn--- |
| 086 | 1 |aEn152-1E-PDF |
| 110 | 2 |aSt. Lawrence Centre. |
| 245 | 10|aScientific and technical report |h[electronic resource] |
| 260 | |aMontreal - Quebec : |bEnvironment Canada. |
| 775 | 08|tRapport scientifique et technique |w(CaOODSP)9.501370 |
| 776 | 0#|tScientific and technical report |w(CaOODSP)9.514551 |